Word Ladder: Fave Site Quiz Stats

 Plays Quiz Updated Oct 12, 2012

Support Sporcle.
Go Orange.
Score 0/11 Timer 01:00
17 Plays Today
Clue 4-Letter Word % Correct
The black bit on a dalmatianSPOT
98.2%
First four letters of the site you're onSPOR
98.2%
Fee for highway useTOLL
90.3%
Chair or pew, e.g.SEAT
86.8%
Relate a storyTELL
86.4%
Part in a movieROLE
84.8%
VendSELL
84%
Buttered bread with a mealROLL
83.7%
Heidi Klum's ex-husbandSEAL
82.5%
Last four letters of the site you're onRCLE
81.6%
ExpectoratedSPAT
81.2%

Today's Daily Dose

You're not logged in!

Compare scores with friends on all Sporcle quizzes.
OR
Log In

From the Vault

US Presidents Venn Diagram

by chaosBEE

We didn't know there was a president named Venn.
Remove Ads.
Support Sporcle.
Get the best of Sporcle when you Go Orange. This ad-free experience offers more features, more stats, and more fun while also helping to support Sporcle. Thank you for becoming a member.

Show Comments

Extras

Top Quizzes Today


Score Distribution

Your Account Isn't Verified!

In order to create a playlist on Sporcle, you need to verify the email address you used during registration. Go to your Sporcle Settings to finish the process.

Report this User

Report this user for behavior that violates our Community Guidelines.

Details: